<?xml version="1.0" encoding="UTF-8"?>
<record
    xmlns:xsi="http://www.w3.org/2001/XMLSchema-instance"
    xsi:schemaLocation="http://www.loc.gov/MARC21/slim http://www.loc.gov/standards/marcxml/schema/MARC21slim.xsd"
    xmlns="http://www.loc.gov/MARC21/slim">

  <leader>03912cam a2200433 i 4500</leader>
  <controlfield tag="001">22856410</controlfield>
  <controlfield tag="003">CSPC</controlfield>
  <controlfield tag="005">20260319134504.0</controlfield>
  <controlfield tag="008">221107s2024    maua     b    001 0 eng  </controlfield>
  <datafield tag="010" ind1=" " ind2=" ">
    <subfield code="a">  2022054047</subfield>
  </datafield>
  <datafield tag="020" ind1=" " ind2=" ">
    <subfield code="a">9781284275889</subfield>
    <subfield code="q">(paperback)</subfield>
  </datafield>
  <datafield tag="035" ind1=" " ind2=" ">
    <subfield code="a">22856410</subfield>
  </datafield>
  <datafield tag="040" ind1=" " ind2=" ">
    <subfield code="a">DNLM/DLC</subfield>
    <subfield code="b">eng</subfield>
    <subfield code="e">rda</subfield>
    <subfield code="c">DLC</subfield>
    <subfield code="d">DLC</subfield>
    <subfield code="d">CSPC</subfield>
  </datafield>
  <datafield tag="042" ind1=" " ind2=" ">
    <subfield code="a">pcc</subfield>
  </datafield>
  <datafield tag="050" ind1="0" ind2="0">
    <subfield code="a">RT81.5</subfield>
    <subfield code="b">.N673 2024</subfield>
  </datafield>
  <datafield tag="060" ind1="0" ind2="0">
    <subfield code="a">WY 100.7</subfield>
  </datafield>
  <datafield tag="082" ind1="0" ind2="0">
    <subfield code="a">610.73072</subfield>
    <subfield code="b">N86b</subfield>
    <subfield code="2">23/eng/20230317</subfield>
  </datafield>
  <datafield tag="100" ind1="1" ind2=" ">
    <subfield code="a">Nowak, Emily,</subfield>
    <subfield code="e">author.</subfield>
  </datafield>
  <datafield tag="245" ind1="1" ind2="0">
    <subfield code="a">Brown's evidence-based nursing :</subfield>
    <subfield code="b">the research-practice connection /</subfield>
    <subfield code="c">Emily Nowak and Renee Colsch.</subfield>
  </datafield>
  <datafield tag="250" ind1=" " ind2=" ">
    <subfield code="a">Fifth edition.</subfield>
  </datafield>
  <datafield tag="264" ind1=" " ind2="1">
    <subfield code="a">Burlington, Massachusetts :</subfield>
    <subfield code="b">Jones &amp; Bartlett Learning,</subfield>
    <subfield code="c">2024.</subfield>
  </datafield>
  <datafield tag="300" ind1=" " ind2=" ">
    <subfield code="a">xi, 254 pages :</subfield>
    <subfield code="b">illustrations ;</subfield>
    <subfield code="c">23 cm.</subfield>
  </datafield>
  <datafield tag="336" ind1=" " ind2=" ">
    <subfield code="a">text</subfield>
    <subfield code="b">txt</subfield>
    <subfield code="2">rdacontent</subfield>
  </datafield>
  <datafield tag="337" ind1=" " ind2=" ">
    <subfield code="a">unmediated</subfield>
    <subfield code="b">n</subfield>
    <subfield code="2">rdamedia</subfield>
  </datafield>
  <datafield tag="338" ind1=" " ind2=" ">
    <subfield code="a">volume</subfield>
    <subfield code="b">nc</subfield>
    <subfield code="2">rdacarrier</subfield>
  </datafield>
  <datafield tag="500" ind1=" " ind2=" ">
    <subfield code="a">Preceded by Evidence-based nursing / Sarah Jo Brown. Fourth edition. [2018].</subfield>
  </datafield>
  <datafield tag="504" ind1=" " ind2=" ">
    <subfield code="a">Includes bibliographical references and index.</subfield>
  </datafield>
  <datafield tag="505" ind1="0" ind2=" ">
    <subfield code="a">Part 1. Nursing research -- The research-practice connection -- Research evidence -- Reading research articles -- Qualitative research -- Quantitative descriptive research -- Correlational research -- Experimental research -- Cohort research -- Systematic reviews -- Evidence-based clinical practice guidelines -- Part 2. Evidence-based practice -- Asking clinical questions -- Searching for research evidence -- Using tools to appraise research evidence -- Appraising recommendations of clinical practice guidelines -- Appraising conclusions of systematic reviews with narrative synthesis -- Appraising findings of original studies -- Evidence-based practice strategies -- Evidence-based practice participation -- Point-of-care adaptations.</subfield>
  </datafield>
  <datafield tag="520" ind1=" " ind2=" ">
    <subfield code="a">"Brown's Evidence-Based Nursing: The Research-Practice Connection, Fifth Edition introduces students to research methods and evidence-based practice. Evidence-based practice is a multi-step approach to healthcare delivery. It requires the ability to assess, interpret, and integrate current research to apply to day-to-day clinical problems"--</subfield>
    <subfield code="c">Provided by publisher.</subfield>
  </datafield>
  <datafield tag="520" ind1=" " ind2=" ">
    <subfield code="a">"Brown's Evidence-Based Nursing: The Research-Practice Connection continues to be a popular choice for graduate and upper level undergraduate students in an updated fifth edition. In an accessible and easy-to-read style, it introduces students to research methods and evidence-based practice. Students will understand research methods, how to appraise and use research evidence in clinical decision-making, and how to fully understand and engage in evidence-based practice. The unique Why-How-What format along with the exemplar studies throughout provide rich context for learning how EBP progresses from research results. The Fifth Edition was revised to feature LGBTQIA+ inclusive language and features a greater focus on information technology as it relates to EBP. Additionally, clear exemplars and appendices help fully explain key concepts while minimizing the potential for students to feel overwhelmed by the intricacies of scientific research jargon. Brown's Evidence-Based Nursing: The Research-Practice Connection, Fifth Edition is the clear choice for instructors seeking an application-focused resource for their students"--</subfield>
    <subfield code="c">Amazon.com.</subfield>
  </datafield>
  <datafield tag="650" ind1="1" ind2="2">
    <subfield code="a">Evidence-based nursing.</subfield>
  </datafield>
  <datafield tag="650" ind1="2" ind2="2">
    <subfield code="a">Nursing research</subfield>
    <subfield code="x">Methods.</subfield>
  </datafield>
  <datafield tag="700" ind1="1" ind2=" ">
    <subfield code="a">Colsch, Renee</subfield>
    <subfield code="q">(Renee Ann),</subfield>
    <subfield code="d">1979-</subfield>
    <subfield code="e">author.</subfield>
  </datafield>
  <datafield tag="700" ind1="1" ind2=" ">
    <subfield code="i">Preceded by (work):</subfield>
    <subfield code="a">Brown, Sarah Jo.</subfield>
    <subfield code="t">Evidence-based nursing.</subfield>
  </datafield>
  <datafield tag="906" ind1=" " ind2=" ">
    <subfield code="a">7</subfield>
    <subfield code="b">cbc</subfield>
    <subfield code="c">orignew</subfield>
    <subfield code="d">1</subfield>
    <subfield code="e">ecip</subfield>
    <subfield code="f">20</subfield>
    <subfield code="g">y-gencatlg</subfield>
  </datafield>
  <datafield tag="942" ind1=" " ind2=" ">
    <subfield code="2">ddc</subfield>
    <subfield code="c">BK</subfield>
    <subfield code="e">23</subfield>
    <subfield code="h">610.73072</subfield>
    <subfield code="i">N86b</subfield>
    <subfield code="k">GRD</subfield>
    <subfield code="m">2024</subfield>
    <subfield code="n">0</subfield>
  </datafield>
  <datafield tag="952" ind1=" " ind2=" ">
    <subfield code="0">0</subfield>
    <subfield code="1">0</subfield>
    <subfield code="2">ddc</subfield>
    <subfield code="4">0</subfield>
    <subfield code="7">0</subfield>
    <subfield code="a">CSPC</subfield>
    <subfield code="b">CSPC</subfield>
    <subfield code="c">GRD</subfield>
    <subfield code="d">2026-03-19</subfield>
    <subfield code="l">0</subfield>
    <subfield code="o">GRD 610.73072 N86b 2024</subfield>
    <subfield code="p">031528</subfield>
    <subfield code="r">2026-03-19 13:43:53</subfield>
    <subfield code="w">2026-03-19</subfield>
    <subfield code="y">BK</subfield>
  </datafield>
  <datafield tag="999" ind1=" " ind2=" ">
    <subfield code="c">32118</subfield>
    <subfield code="d">32118</subfield>
  </datafield>
</record>
